[Event "DEM U18w 2025"]
[Site "Willingen GER"]
[Date "2025.06.11"]
[Round "6"]
[White "Fock, Madiha"]
[Black "Heidemann, Nora"]
[Result "0-1"]
[Termination "normal"]
[Board "1"]
[WhiteElo "1830"]
[BlackElo "1851"]
[WhiteClock "00:14:44"]
[BlackClock "00:57:48"]
[PlyCount "72"]
[WhiteFideId "16253574"]
[BlackFideId "34609253"]
[EventCountry "GER"]
[EventRounds "9"]
[EventType "swiss"]
[EventDate "2025.06.07"]

1. e4 {[%clk 01:30:58]} c5 {[%clk 01:30:56]} {[%emt 00:00:05]} 2. Nf3 {[%clk
01:31:22]} {[%emt 00:00:06]} g6 {[%clk 01:31:23]} {[%emt 00:00:03]} 3. d4
{[%clk 01:31:46]} {[%emt 00:00:07]} cxd4 {[%clk 01:31:50]} {[%emt 00:00:03]} 4.
Nxd4 {[%clk 01:32:09]} {[%emt 00:00:07]} Nc6 {[%clk 01:32:16]} {[%emt
00:00:05]} 5. Nc3 {[%clk 01:32:26]} {[%emt 00:00:11]} Bg7 {[%clk 01:32:42]}
{[%emt 00:00:04]} 6. Be3 {[%clk 01:32:48]} {[%emt 00:00:09]} Nf6 {[%clk
01:33:09]} {[%emt 00:00:03]} 7. Bc4 {[%clk 01:32:45]} {[%emt 00:00:33]} Qa5
{[%clk 01:33:33]} {[%emt 00:00:06]} 8. O-O {[%clk 01:32:44]} {[%emt 00:00:30]}
O-O {[%clk 01:33:56]} {[%emt 00:00:08]} 9. Bb3 {[%clk 01:31:50]} {[%emt
00:01:24]} d6 {[%clk 01:33:13]} {[%emt 00:01:14]} 10. h3 {[%clk 01:30:54]}
{[%emt 00:01:24]} Bd7 {[%clk 01:33:06]} {[%emt 00:00:37]} 11. Re1 {[%clk
01:30:30]} {[%emt 00:00:54]} Qh5 {[%clk 01:33:29]} {[%emt 00:00:07]} 12. Nde2
{[%clk 01:10:39]} {[%emt 00:20:21]} h6 {[%clk 01:33:37]} {[%emt 00:00:22]} 13.
Qd2 {[%clk 01:07:23]} {[%emt 00:03:45]} g5 {[%clk 01:31:17]} {[%emt 00:02:51]}
14. Ng3 {[%clk 01:02:14]} {[%emt 00:05:39]} Qg6 {[%clk 01:30:05]} {[%emt
00:01:42]} 15. Rad1 {[%clk 01:00:24]} {[%emt 00:02:20]} g4 {[%clk 01:25:45]}
{[%emt 00:04:50]} 16. h4 {[%clk 00:57:38]} {[%emt 00:03:16]} Nh5 {[%clk
01:24:18]} {[%emt 00:01:57]} 17. Nf5 {[%clk 00:54:06]} {[%emt 00:04:02]} g3
{[%clk 01:19:41]} {[%emt 00:05:08]} 18. Nxg7 {[%clk 00:48:21]} {[%emt
00:06:14]} gxf2+ {[%clk 01:18:58]} {[%emt 00:01:13]} 19. Qxf2 {[%clk 00:48:11]}
{[%emt 00:00:40]} Kxg7 {[%clk 01:19:01]} {[%emt 00:00:27]} 20. Nd5 {[%clk
00:42:48]} {[%emt 00:05:52]} Rg8 {[%clk 01:14:37]} {[%emt 00:04:54]} 21. Nf4
{[%clk 00:38:14]} {[%emt 00:05:05]} Nxf4 {[%clk 01:13:30]} {[%emt 00:01:37]}
22. Bxf4 {[%clk 00:36:30]} {[%emt 00:02:14]} Kh8 {[%clk 01:09:53]} {[%emt
00:04:07]} 23. e5 {[%clk 00:34:23]} {[%emt 00:02:37]} Bh3 {[%clk 01:07:36]}
{[%emt 00:02:47]} 24. Bd5 {[%clk 00:31:25]} {[%emt 00:03:28]} dxe5 {[%clk
01:06:42]} {[%emt 00:01:25]} 25. Bxe5+ {[%clk 00:29:10]} {[%emt 00:02:44]} Nxe5
{[%clk 01:06:58]} {[%emt 00:00:15]} 26. Rxe5 {[%clk 00:29:17]} {[%emt
00:00:22]} Rad8 {[%clk 01:07:01]} {[%emt 00:00:27]} 27. Kh2 {[%clk 00:20:34]}
{[%emt 00:09:13]} Qd6 {[%clk 01:05:29]} {[%emt 00:02:01]} 28. Qf4 {[%clk
00:20:05]} {[%emt 00:01:00]} Rg4 {[%clk 01:02:30]} {[%emt 00:03:29]} 29. Qe3
{[%clk 00:19:01]} {[%emt 00:01:34]} Bxg2 {[%clk 01:00:11]} {[%emt 00:02:50]}
30. Bf3 {[%clk 00:15:41]} {[%emt 00:03:50]} Rxh4+ {[%clk 00:57:34]} {[%emt
00:03:06]} 31. Kxg2 {[%clk 00:16:07]} {[%emt 00:00:05]} Qg6+ {[%clk 00:57:34]}
{[%emt 00:00:30]} 32. Kf2 {[%clk 00:15:59]} {[%emt 00:00:36]} Rh2+ {[%clk
00:56:24]} {[%emt 00:01:40]} 33. Ke1 {[%clk 00:14:25]} {[%emt 00:02:04]} Qg3+
{[%clk 00:56:45]} {[%emt 00:00:09]} 34. Kf1 {[%clk 00:14:10]} {[%emt 00:00:46]}
Rxd1+ {[%clk 00:57:02]} {[%emt 00:00:13]} 35. Bxd1 {[%clk 00:14:21]} {[%emt
00:00:19]} Qg2+ {[%clk 00:57:24]} {[%emt 00:00:07]} 36. Ke1 {[%clk 00:14:44]}
{[%emt 00:00:08]} Rh1+ {[%clk 00:57:48]} {[%emt 00:00:06]} 0-1

[Event "DEM U18w 2025"]
[Site "Willingen GER"]
[Date "2025.06.11"]
[Round "6"]
[White "Neumann, Helena"]
[Black "Bursan, Ana-Maria"]
[Result "1-0"]
[Termination "normal"]
[Board "2"]
[WhiteTitle "WFM"]
[WhiteElo "2017"]
[BlackElo "1894"]
[WhiteClock "00:48:18"]
[BlackClock "00:11:32"]
[PlyCount "85"]
[WhiteFideId "16275365"]
[BlackFideId "34620150"]
[EventCountry "GER"]
[EventRounds "9"]
[EventType "swiss"]
[EventDate "2025.06.07"]

1. e4 {[%clk 01:30:59]} e6 {[%clk 01:30:55]} {[%emt 00:00:06]} 2. d4 {[%clk
01:31:26]} {[%emt 00:00:04]} d5 {[%clk 01:31:20]} {[%emt 00:00:04]} 3. Nd2
{[%clk 01:31:54]} {[%emt 00:00:02]} dxe4 {[%clk 01:31:40]} {[%emt 00:00:09]} 4.
Nxe4 {[%clk 01:32:18]} {[%emt 00:00:06]} Nd7 {[%clk 01:32:03]} {[%emt
00:00:07]} 5. Nf3 {[%clk 01:32:27]} {[%emt 00:00:21]} Ngf6 {[%clk 01:32:11]}
{[%emt 00:00:21]} 6. Nxf6+ {[%clk 01:32:55]} {[%emt 00:00:03]} Nxf6 {[%clk
01:32:21]} {[%emt 00:00:20]} 7. g3 {[%clk 01:33:22]} {[%emt 00:00:03]} c5
{[%clk 01:31:47]} {[%emt 00:01:04]} 8. Bg2 {[%clk 01:33:49]} {[%emt 00:00:04]}
cxd4 {[%clk 01:27:32]} {[%emt 00:04:45]} 9. Qxd4 {[%clk 01:34:07]} {[%emt
00:00:12]} Qxd4 {[%clk 01:18:10]} {[%emt 00:09:51]} 10. Nxd4 {[%clk 01:34:32]}
{[%emt 00:00:06]} Bc5 {[%clk 01:13:57]} {[%emt 00:04:42]} 11. Nb3 {[%clk
01:34:59]} {[%emt 00:00:04]} Bb6 {[%clk 01:11:47]} {[%emt 00:02:40]} 12. a4
{[%clk 01:35:25]} {[%emt 00:00:05]} a5 {[%clk 01:09:13]} {[%emt 00:03:02]} 13.
O-O {[%clk 01:35:46]} {[%emt 00:00:11]} O-O {[%clk 01:01:59]} {[%emt 00:07:43]}
14. Bf4 {[%clk 01:35:24]} {[%emt 00:00:52]} Nd5 {[%clk 00:57:46]} {[%emt
00:04:42]} 15. Be5 {[%clk 01:32:47]} {[%emt 00:03:07]} f6 {[%clk 00:53:14]}
{[%emt 00:05:02]} 16. Bd4 {[%clk 01:33:14]} {[%emt 00:00:04]} Bc7 {[%clk
00:49:20]} {[%emt 00:04:23]} 17. Rfd1 {[%clk 01:33:38]} {[%emt 00:00:06]} Rb8
{[%clk 00:43:00]} {[%emt 00:06:50]} 18. Rd2 {[%clk 01:21:11]} {[%emt 00:12:57]}
b6 {[%clk 00:40:38]} {[%emt 00:02:52]} 19. c4 {[%clk 01:17:06]} {[%emt
00:04:36]} Nb4 {[%clk 00:38:51]} {[%emt 00:02:17]} 20. c5 {[%clk 01:16:56]}
{[%emt 00:00:40]} e5 {[%clk 00:32:48]} {[%emt 00:06:32]} 21. cxb6 {[%clk
01:14:56]} {[%emt 00:02:31]} Bxb6 {[%clk 00:27:39]} {[%emt 00:05:39]} 22. Bxb6
{[%clk 01:13:46]} {[%emt 00:01:40]} Rxb6 {[%clk 00:27:58]} {[%emt 00:00:11]}
23. Nxa5 {[%clk 01:14:08]} {[%emt 00:00:08]} Be6 {[%clk 00:26:59]} {[%emt
00:01:30]} 24. Nb7 {[%clk 01:10:28]} {[%emt 00:04:09]} Rc8 {[%clk 00:21:59]}
{[%emt 00:05:30]} 25. a5 {[%clk 01:07:57]} {[%emt 00:03:00]} Ra6 {[%clk
00:19:59]} {[%emt 00:02:31]} 26. Rd8+ {[%clk 00:59:57]} {[%emt 00:08:30]} Rxd8
{[%clk 00:18:49]} {[%emt 00:01:40]} 27. Nxd8 {[%clk 01:00:21]} {[%emt
00:00:06]} Nc2 {[%clk 00:17:20]} {[%emt 00:01:59]} 28. Rc1 {[%clk 00:55:17]}
{[%emt 00:05:33]} Bf5 {[%clk 00:17:37]} {[%emt 00:00:13]} 29. Nc6 {[%clk
00:55:27]} {[%emt 00:00:21]} Bd3 {[%clk 00:16:30]} {[%emt 00:01:37]} 30. Bd5+
{[%clk 00:54:15]} {[%emt 00:01:41]} Kf8 {[%clk 00:16:45]} {[%emt 00:00:16]} 31.
b4 {[%clk 00:52:10]} {[%emt 00:02:34]} Nxb4 {[%clk 00:14:49]} {[%emt 00:02:26]}
32. Nxb4 {[%clk 00:50:13]} {[%emt 00:02:27]} Rxa5 {[%clk 00:14:25]} {[%emt
00:00:55]} 33. Rc8+ {[%clk 00:50:31]} {[%emt 00:00:11]} Ke7 {[%clk 00:14:51]}
{[%emt 00:00:04]} 34. Nc6+ {[%clk 00:50:56]} {[%emt 00:00:06]} Kd7 {[%clk
00:15:14]} {[%emt 00:00:07]} 35. Be6+ {[%clk 00:51:20]} {[%emt 00:00:06]} Kxe6
{[%clk 00:15:17]} {[%emt 00:00:27]} 36. Nxa5 {[%clk 00:51:45]} {[%emt
00:00:05]} h5 {[%clk 00:13:54]} {[%emt 00:01:53]} 37. Nb3 {[%clk 00:51:29]}
{[%emt 00:00:46]} Kf5 {[%clk 00:13:14]} {[%emt 00:01:09]} 38. h4 {[%clk
00:49:35]} {[%emt 00:02:24]} Bb5 {[%clk 00:11:45]} {[%emt 00:01:59]} 39. f3
{[%clk 00:48:42]} {[%emt 00:01:23]} Ba6 {[%clk 00:11:49]} {[%emt 00:00:26]} 40.
Rc7 {[%clk 00:48:34]} {[%emt 00:00:38]} g6 {[%clk 00:11:40]} {[%emt 00:00:40]}
41. Ra7 {[%clk 00:47:29]} {[%emt 00:01:35]} Bb5 {[%clk 00:11:10]} {[%emt
00:00:59]} 42. Ra5 {[%clk 00:47:54]} {[%emt 00:00:05]} Bc6 {[%clk 00:11:32]}
{[%emt 00:00:09]} 43. Nd4# {[%clk 00:48:18]} {[%emt 00:00:05]} 1-0

[Event "DEM U18w 2025"]
[Site "Willingen GER"]
[Date "2025.06.11"]
[Round "6"]
[White "Trunz, Michelle"]
[Black "Fischer, Darja"]
[Result "1/2-1/2"]
[Termination "normal"]
[Board "3"]
[WhiteTitle "WFM"]
[WhiteElo "2061"]
[BlackElo "1965"]
[WhiteClock "00:23:44"]
[BlackClock "00:09:02"]
[PlyCount "101"]
[WhiteFideId "16227980"]
[BlackFideId "16240898"]
[EventCountry "GER"]
[EventRounds "9"]
[EventType "swiss"]
[EventDate "2025.06.07"]

1. d4 {[%clk 01:30:59]} d5 {[%clk 01:30:53]} {[%emt 00:00:08]} 2. c4 {[%clk
01:31:25]} {[%emt 00:00:04]} e6 {[%clk 01:31:21]} {[%emt 00:00:02]} 3. Nc3
{[%clk 01:31:51]} {[%emt 00:00:04]} Be7 {[%clk 01:31:47]} {[%emt 00:00:04]} 4.
Nf3 {[%clk 01:32:16]} {[%emt 00:00:05]} Nf6 {[%clk 01:32:11]} {[%emt 00:00:06]}
5. Bg5 {[%clk 01:32:42]} {[%emt 00:00:04]} Nbd7 {[%clk 01:32:25]} {[%emt
00:00:15]} 6. e3 {[%clk 01:33:03]} {[%emt 00:00:09]} O-O {[%clk 01:32:44]}
{[%emt 00:00:12]} 7. Rc1 {[%clk 01:33:18]} {[%emt 00:00:16]} b6 {[%clk
01:29:37]} {[%emt 00:03:37]} 8. cxd5 {[%clk 01:33:42]} {[%emt 00:00:04]} exd5
{[%clk 01:30:03]} {[%emt 00:00:04]} 9. Bd3 {[%clk 01:34:00]} {[%emt 00:00:12]}
Bb7 {[%clk 01:30:10]} {[%emt 00:00:24]} 10. O-O {[%clk 01:34:14]} {[%emt
00:00:16]} c5 {[%clk 01:24:41]} {[%emt 00:05:59]} 11. Bf5 {[%clk 01:34:01]}
{[%emt 00:00:42]} g6 {[%clk 01:20:05]} {[%emt 00:05:07]} 12. Bxd7 {[%clk
01:34:16]} {[%emt 00:00:15]} Qxd7 {[%clk 01:14:32]} {[%emt 00:06:03]} 13. dxc5
{[%clk 01:33:42]} {[%emt 00:01:03]} bxc5 {[%clk 01:11:56]} {[%emt 00:03:07]}
14. Bxf6 {[%clk 01:34:08]} {[%emt 00:00:04]} Bxf6 {[%clk 01:12:23]} {[%emt
00:00:03]} 15. Ne4 {[%clk 01:34:12]} {[%emt 00:00:25]} Qe7 {[%clk 01:02:40]}
{[%emt 00:10:13]} 16. Nxf6+ {[%clk 01:29:57]} {[%emt 00:04:46]} Qxf6 {[%clk
01:03:09]} {[%emt 00:00:01]} 17. Rxc5 {[%clk 01:30:00]} {[%emt 00:00:26]} Qxb2
{[%clk 01:02:00]} {[%emt 00:01:40]} 18. Qa4 {[%clk 01:28:01]} {[%emt 00:02:28]}
Qb6 {[%clk 00:54:20]} {[%emt 00:08:10]} 19. Rb5 {[%clk 01:20:51]} {[%emt
00:07:40]} Bc6 {[%clk 00:50:25]} {[%emt 00:04:25]} 20. Rxb6 {[%clk 01:20:57]}
{[%emt 00:00:24]} Bxa4 {[%clk 00:50:54]} 21. Rb4 {[%clk 01:20:34]} {[%emt
00:00:53]} Bd7 {[%clk 00:49:46]} {[%emt 00:01:39]} 22. Ne5 {[%clk 01:16:51]}
{[%emt 00:04:13]} Be6 {[%clk 00:40:21]} {[%emt 00:09:54]} 23. Nc6 {[%clk
01:15:28]} {[%emt 00:01:54]} d4 {[%clk 00:35:49]} {[%emt 00:05:02]} 24. exd4
{[%clk 01:14:35]} {[%emt 00:01:23]} Bxa2 {[%clk 00:36:10]} {[%emt 00:00:09]}
25. d5 {[%clk 01:10:23]} {[%emt 00:04:41]} Kg7 {[%clk 00:30:52]} {[%emt
00:05:49]} 26. Rd4 {[%clk 01:00:47]} {[%emt 00:10:04]} Rac8 {[%clk 00:23:38]}
{[%emt 00:07:45]} 27. Re1 {[%clk 00:40:27]} {[%emt 00:20:50]} Bxd5 {[%clk
00:19:17]} {[%emt 00:04:51]} 28. Ne7 {[%clk 00:37:18]} {[%emt 00:03:38]} Rfe8
{[%clk 00:19:46]} {[%emt 00:00:02]} 29. f3 {[%clk 00:23:57]} {[%emt 00:13:51]}
Rcd8 {[%clk 00:19:08]} {[%emt 00:01:08]} 30. Nf5+ {[%clk 00:21:13]} {[%emt
00:03:14]} Kf8 {[%clk 00:18:42]} {[%emt 00:00:57]} 31. Red1 {[%clk 00:19:24]}
{[%emt 00:02:19]} gxf5 {[%clk 00:17:52]} {[%emt 00:01:19]} 32. Rxd5 {[%clk
00:19:39]} {[%emt 00:00:16]} Re1+ {[%clk 00:17:53]} {[%emt 00:00:28]} 33. Rxe1
{[%clk 00:20:00]} {[%emt 00:00:09]} Rxd5 {[%clk 00:18:20]} {[%emt 00:00:04]}
34. Rb1 {[%clk 00:17:28]} {[%emt 00:03:02]} a5 {[%clk 00:16:17]} {[%emt
00:02:32]} 35. Rb7 {[%clk 00:16:56]} {[%emt 00:01:02]} f4 {[%clk 00:15:06]}
{[%emt 00:01:41]} 36. Ra7 {[%clk 00:17:01]} {[%emt 00:00:25]} Kg7 {[%clk
00:13:41]} {[%emt 00:01:55]} 37. Ra6 {[%clk 00:13:23]} {[%emt 00:04:08]} h5
{[%clk 00:12:58]} {[%emt 00:01:14]} 38. g3 {[%clk 00:12:14]} {[%emt 00:01:38]}
fxg3 {[%clk 00:13:27]} {[%emt 00:00:01]} 39. hxg3 {[%clk 00:12:38]} {[%emt
00:00:06]} f6 {[%clk 00:13:04]} {[%emt 00:00:53]} 40. Kg2 {[%clk 00:11:00]}
{[%emt 00:02:08]} Kg6 {[%clk 00:10:45]} {[%emt 00:02:49]} 41. Kh3 {[%clk
00:10:58]} {[%emt 00:00:31]} Kg5 {[%clk 00:08:23]} {[%emt 00:02:53]} 42. Ra7
{[%clk 00:05:24]} {[%emt 00:06:04]} Kg6 {[%clk 00:23:46]} {[%emt 00:15:08]} 43.
Ra6 {[%clk 00:31:03]} {[%emt 00:04:51]} Rf5 {[%clk 00:22:48]} {[%emt 00:01:27]}
44. f4 {[%clk 00:29:15]} {[%emt 00:02:18]} Rc5 {[%clk 00:21:12]} {[%emt
00:02:05]} 45. Kh4 {[%clk 00:27:45]} {[%emt 00:02:00]} Kf5 {[%clk 00:12:14]}
{[%emt 00:09:30]} 46. Kxh5 {[%clk 00:24:52]} {[%emt 00:03:22]} Ke4+ {[%clk
00:12:40]} {[%emt 00:00:04]} 47. Kg6 {[%clk 00:23:50]} {[%emt 00:01:32]} f5
{[%clk 00:13:03]} {[%emt 00:00:06]} 48. Kg5 {[%clk 00:23:38]} {[%emt 00:00:42]}
Kf3 {[%clk 00:10:25]} {[%emt 00:03:08]} 49. Kh4 {[%clk 00:23:33]} {[%emt
00:00:34]} Ke4 {[%clk 00:09:40]} {[%emt 00:01:17]} 50. Kg5 {[%clk 00:23:31]}
{[%emt 00:00:31]} Kf3 {[%clk 00:09:02]} {[%emt 00:01:08]} 51. Kh4 {[%clk
00:23:44]} {[%emt 00:00:17]} 1/2-1/2

[Event "DEM U18w 2025"]
[Site "Willingen GER"]
[Date "2025.06.11"]
[Round "6"]
[White "Bräutigam, Katerina"]
[Black "Wilmink, Anna"]
[Result "1-0"]
[Termination "normal"]
[Board "4"]
[WhiteTitle "WFM"]
[BlackTitle "WCM"]
[WhiteElo "2095"]
[BlackElo "1995"]
[WhiteClock "00:13:49"]
[BlackClock "00:33:37"]
[PlyCount "99"]
[WhiteFideId "16242980"]
[BlackFideId "16273680"]
[EventCountry "GER"]
[EventRounds "9"]
[EventType "swiss"]
[EventDate "2025.06.07"]

1. d4 {[%clk 01:30:57]} {[%emt 00:00:03]} e6 {[%clk 01:30:55]} {[%emt
00:00:06]} 2. Bf4 {[%clk 01:31:22]} {[%emt 00:00:05]} b6 {[%clk 01:31:04]}
{[%emt 00:00:21]} 3. Nd2 {[%clk 01:31:26]} {[%emt 00:00:25]} Bb7 {[%clk
01:31:17]} {[%emt 00:00:17]} 4. e4 {[%clk 01:31:04]} {[%emt 00:00:52]} c5
{[%clk 01:27:31]} {[%emt 00:04:17]} 5. c3 {[%clk 01:30:26]} {[%emt 00:01:07]}
d5 {[%clk 01:23:02]} {[%emt 00:04:59]} 6. e5 {[%clk 01:30:17]} {[%emt
00:00:39]} Ne7 {[%clk 01:22:17]} {[%emt 00:01:16]} 7. Bd3 {[%clk 01:25:25]}
{[%emt 00:05:20]} cxd4 {[%clk 01:18:15]} {[%emt 00:04:32]} 8. cxd4 {[%clk
01:25:46]} {[%emt 00:00:09]} Nec6 {[%clk 01:18:11]} {[%emt 00:00:36]} 9. Ne2
{[%clk 01:21:33]} {[%emt 00:04:41]} Nb4 {[%clk 01:16:34]} {[%emt 00:02:08]} 10.
Bb1 {[%clk 01:20:42]} {[%emt 00:01:21]} Ba6 {[%clk 01:15:51]} {[%emt 00:01:14]}
11. Nf3 {[%clk 01:20:46]} {[%emt 00:00:24]} N4c6 {[%clk 01:10:13]} {[%emt
00:06:09]} 12. a3 {[%clk 01:16:53]} {[%emt 00:04:22]} Na5 {[%clk 01:09:43]}
{[%emt 00:01:01]} 13. h4 {[%clk 01:11:37]} {[%emt 00:05:46]} Qd7 {[%clk
01:07:22]} {[%emt 00:02:51]} 14. Bc2 {[%clk 01:06:54]} {[%emt 00:05:12]} Nc4
{[%clk 01:01:51]} {[%emt 00:06:03]} 15. Bc1 {[%clk 01:06:31]} {[%emt 00:00:52]}
b5 {[%clk 00:54:01]} {[%emt 00:08:21]} 16. O-O {[%clk 01:05:18]} {[%emt
00:01:42]} Nc6 {[%clk 00:52:19]} {[%emt 00:02:12]} 17. Bd3 {[%clk 00:49:06]}
{[%emt 00:16:42]} Qb7 {[%clk 00:50:02]} {[%emt 00:02:47]} 18. Nc3 {[%clk
00:38:59]} {[%emt 00:10:36]} Qb6 {[%clk 00:44:49]} {[%emt 00:05:44]} 19. b3
{[%clk 00:28:25]} {[%emt 00:11:04]} N4a5 {[%clk 00:44:18]} {[%emt 00:01:02]}
20. Be3 {[%clk 00:25:21]} {[%emt 00:03:33]} Rc8 {[%clk 00:38:36]} {[%emt
00:06:12]} 21. b4 {[%clk 00:16:25]} {[%emt 00:09:25]} Nc4 {[%clk 00:37:45]}
{[%emt 00:01:22]} 22. Bxc4 {[%clk 00:16:27]} {[%emt 00:00:27]} bxc4 {[%clk
00:35:30]} {[%emt 00:02:46]} 23. b5 {[%clk 00:14:59]} {[%emt 00:01:57]} Qa5
{[%clk 00:34:10]} {[%emt 00:01:50]} 24. bxc6 {[%clk 00:13:54]} {[%emt
00:01:35]} Rxc6 {[%clk 00:29:19]} {[%emt 00:05:22]} 25. Qa4 {[%clk 00:11:51]}
{[%emt 00:02:32]} Qxa4 {[%clk 00:24:54]} {[%emt 00:04:56]} 26. Nxa4 {[%clk
00:12:13]} {[%emt 00:00:07]} Kd7 {[%clk 00:23:57]} {[%emt 00:01:28]} 27. Ng5
{[%clk 00:08:19]} {[%emt 00:04:23]} f6 {[%clk 00:23:30]} {[%emt 00:00:57]} 28.
Nf3 {[%clk 00:07:46]} {[%emt 00:01:03]} Be7 {[%clk 00:22:17]} {[%emt 00:01:44]}
29. Rfb1 {[%clk 00:05:46]} {[%emt 00:02:30]} Rhc8 {[%clk 00:20:45]} {[%emt
00:02:02]} 30. Nc5+ {[%clk 00:04:57]} {[%emt 00:01:18]} Kc7 {[%clk 00:19:49]}
{[%emt 00:01:27]} 31. Rb4 {[%clk 00:03:02]} {[%emt 00:02:26]} Rb8 {[%clk
00:16:14]} {[%emt 00:04:04]} 32. exf6 {[%clk 00:00:38]} {[%emt 00:02:53]} gxf6
{[%clk 00:12:43]} {[%emt 00:04:01]} 33. Bf4+ {[%clk 00:00:40]} {[%emt
00:00:28]} e5 {[%clk 00:12:04]} {[%emt 00:01:10]} 34. Nxa6+ {[%clk 00:00:39]}
{[%emt 00:00:31]} Rxa6 {[%clk 00:12:23]} {[%emt 00:00:11]} 35. Rxb8 {[%clk
00:00:57]} {[%emt 00:00:11]} Kxb8 {[%clk 00:12:31]} {[%emt 00:00:22]} 36. dxe5
{[%clk 00:01:05]} {[%emt 00:00:22]} fxe5 {[%clk 00:12:31]} {[%emt 00:00:31]}
37. Bxe5+ {[%clk 00:00:43]} {[%emt 00:00:51]} Kb7 {[%clk 00:12:18]} {[%emt
00:00:44]} 38. Rb1+ {[%clk 00:00:36]} {[%emt 00:00:37]} Kc6 {[%clk 00:12:36]}
{[%emt 00:00:13]} 39. Nd4+ {[%clk 00:00:54]} {[%emt 00:00:11]} Kd7 {[%clk
00:12:24]} {[%emt 00:00:42]} 40. Rb5 {[%clk 00:00:33]} {[%emt 00:00:50]} Rxa3
{[%clk 00:11:48]} {[%emt 00:01:06]} 41. Rxd5+ {[%clk 00:00:33]} {[%emt
00:00:30]} Ke8 {[%clk 00:12:05]} {[%emt 00:00:13]} 42. Nc6 {[%clk 00:27:24]}
{[%emt 00:03:39]} Bxh4 {[%clk 00:41:09]} {[%emt 00:01:28]} 43. Rd4 {[%clk
00:24:20]} {[%emt 00:03:33]} Ra1+ {[%clk 00:39:29]} {[%emt 00:02:09]} 44. Kh2
{[%clk 00:24:32]} {[%emt 00:00:17]} c3 {[%clk 00:39:39]} {[%emt 00:00:21]} 45.
Re4 {[%clk 00:22:45]} {[%emt 00:02:17]} Kf7 {[%clk 00:35:41]} {[%emt 00:04:29]}
46. Bxc3 {[%clk 00:22:17]} {[%emt 00:00:57]} Rc1 {[%clk 00:35:48]} {[%emt
00:00:22]} 47. Ne5+ {[%clk 00:20:26]} {[%emt 00:02:22]} Kg7 {[%clk 00:34:29]}
{[%emt 00:01:49]} 48. Rg4+ {[%clk 00:14:20]} {[%emt 00:06:35]} Kf6 {[%clk
00:34:30]} {[%emt 00:00:30]} 49. Bb2 {[%clk 00:13:54]} {[%emt 00:00:55]} Rc2
{[%clk 00:33:37]} {[%emt 00:01:23]} 50. Nd3+ {[%clk 00:13:49]} {[%emt
00:00:34]} 1-0

[Event "DEM U18w 2025"]
[Site "Willingen GER"]
[Date "2025.06.11"]
[Round "6"]
[White "Fetahovic, Sarah"]
[Black "Sereda, Yaroslava"]
[Result "0-1"]
[Termination "normal"]
[Board "5"]
[BlackTitle "WFM"]
[WhiteElo "1883"]
[BlackElo "2107"]
[WhiteClock "00:00:35"]
[BlackClock "00:00:55"]
[PlyCount "58"]
[WhiteFideId "34601546"]
[BlackFideId "14178940"]
[EventCountry "GER"]
[EventRounds "9"]
[EventType "swiss"]
[EventDate "2025.06.07"]

1. e4 {[%clk 01:30:58]} {[%emt 00:00:03]} c5 {[%clk 01:30:54]} {[%emt
00:00:06]} 2. Be2 {[%clk 01:31:20]} {[%emt 00:00:07]} Nc6 {[%clk 01:31:11]}
{[%emt 00:00:13]} 3. d3 {[%clk 01:31:36]} {[%emt 00:00:15]} e6 {[%clk
01:31:02]} {[%emt 00:00:38]} 4. f4 {[%clk 01:31:50]} {[%emt 00:00:15]} d5
{[%clk 01:31:09]} {[%emt 00:00:25]} 5. Nf3 {[%clk 01:31:57]} {[%emt 00:00:23]}
Bd6 {[%clk 01:30:59]} {[%emt 00:00:40]} 6. c3 {[%clk 01:29:02]} {[%emt
00:03:24]} Nge7 {[%clk 01:30:39]} {[%emt 00:00:50]} 7. O-O {[%clk 01:27:58]}
{[%emt 00:01:34]} f6 {[%clk 01:29:07]} {[%emt 00:02:02]} 8. Qe1 {[%clk
01:17:09]} {[%emt 00:11:18]} O-O {[%clk 01:08:07]} {[%emt 00:21:31]} 9. Bd1
{[%clk 01:08:16]} {[%emt 00:09:23]} Qc7 {[%clk 01:02:49]} {[%emt 00:05:48]} 10.
g3 {[%clk 00:43:26]} {[%emt 00:25:19]} d4 {[%clk 00:47:50]} {[%emt 00:15:29]}
11. Bb3 {[%clk 00:32:34]} {[%emt 00:11:22]} Kh8 {[%clk 00:35:35]} {[%emt
00:12:46]} 12. Na3 {[%clk 00:19:46]} {[%emt 00:13:18]} a6 {[%clk 00:28:56]}
{[%emt 00:07:09]} 13. Nc2 {[%clk 00:14:41]} {[%emt 00:05:35]} dxc3 {[%clk
00:26:34]} {[%emt 00:02:52]} 14. bxc3 {[%clk 00:14:15]} {[%emt 00:00:56]} e5
{[%clk 00:17:35]} {[%emt 00:09:29]} 15. fxe5 {[%clk 00:09:04]} {[%emt
00:05:41]} Nxe5 {[%clk 00:16:55]} {[%emt 00:01:10]} 16. Ng5 {[%clk 00:07:28]}
{[%emt 00:02:05]} c4 {[%clk 00:12:12]} {[%emt 00:05:14]} 17. dxc4 {[%clk
00:07:11]} {[%emt 00:00:47]} Bg4 {[%clk 00:12:14]} {[%emt 00:00:28]} 18. h3
{[%clk 00:04:07]} {[%emt 00:03:34]} fxg5 {[%clk 00:11:16]} {[%emt 00:01:28]}
19. hxg4 {[%clk 00:04:31]} {[%emt 00:00:06]} Nf3+ {[%clk 00:11:10]} {[%emt
00:00:37]} 20. Rxf3 {[%clk 00:03:54]} {[%emt 00:01:06]} Rxf3 {[%clk 00:11:38]}
{[%emt 00:00:02]} 21. Nd4 {[%clk 00:01:47]} {[%emt 00:02:37]} Rxg3+ {[%clk
00:10:24]} {[%emt 00:01:44]} 22. Kf1 {[%clk 00:01:51]} {[%emt 00:00:25]} Qd7
{[%clk 00:04:52]} {[%emt 00:06:02]} 23. Bd1 {[%clk 00:00:59]} {[%emt 00:01:22]}
Rf8+ {[%clk 00:04:47]} {[%emt 00:00:36]} 24. Nf5 {[%clk 00:00:52]} {[%emt
00:00:36]} Qe6 {[%clk 00:02:33]} {[%emt 00:02:45]} 25. Bb3 {[%clk 00:00:46]}
{[%emt 00:00:36]} Nxf5 {[%clk 00:01:02]} {[%emt 00:02:01]} 26. gxf5 {[%clk
00:01:11]} {[%emt 00:00:05]} Qh6 {[%clk 00:01:12]} {[%emt 00:00:20]} 27. Ke2
{[%clk 00:01:08]} {[%emt 00:00:33]} Qh5+ {[%clk 00:00:54]} {[%emt 00:00:48]}
28. Kd2 {[%clk 00:00:52]} {[%emt 00:00:45]} Qh2+ {[%clk 00:00:56]} {[%emt
00:00:28]} 29. Qe2 {[%clk 00:00:35]} {[%emt 00:00:48]} Rg2 {[%clk 00:00:55]}
{[%emt 00:00:30]} 0-1